000 01758nam a2200277Ia 4500
999 _c56250
_d56250
001 23352
003 GE_BSU
005 20251226213138.0
008 181216s1997||||ge |||||||||||||| ||geo||
040 _cGE_BSU
041 _ageo
080 _a94(479.223)+ 325.8(479.22) მ-58
100 _aმესხია, ერმილე
_91724
245 _aსამხრეთ-დასავლეთ საქართველოს ისტორიიდან : სამუსლიმანო საქართველოს განმათავისუფლებელი კომიტეტი
_bსამუსლიმანო საქართველოს განმათავისუფლებელი კომიტეტი /
_cერმილე მესხია ; რედ.: ლევან თოიძე.
264 _aბათუმი :
_bაჭარა,
_c1997.
300 _a128 გვ. ;
_c20 სმ.
504 _aბიბლიოგრ.: გვ. 110-118
520 _aრეზ. რუს. ენ.
541 _h4ლ.
653 _aაჭარის ისტორია
653 _aეროვნულ-განმათავისუფლებელი მოძრაობა სამხრეთ-დასავლეთ საქართველოში
653 _aისტორია
653 _aსამხრეთ-დასავლეთ საქართველოს ისტორიიდან : სამუსლიმანო საქართველოს განმათავისუფლებელი კომიტეტი
700 _aთოიძე, ლევან
_eრედაქტორი
_91561
942 _cBK
_2udc